000 00541nam a2200205Ia 4500
005 20250508151107.0
008 008 250505s9999 xx 000 0 eng d
037 _aTextual
040 _aFEDL
_beng
_cFEDL
041 _aeng
_2eng
084 _a155.4, HOS
_qFEDL
100 _aHostler Phyllis
_9758409
245 0 _aChild's World
260 _aLondon, UK
_bErnest Benn Limited
_c1953
300 _axii,212p
365 _aINR
_b20
650 _aChild psychology
942 _cTEXL
_h155.4, HOS
999 _c1327551
_d1327551